000 00238nam a22000857a 4500
008 160714b xxu||||| |||| 00| 0 eng d
100 _92828
_aKumar T
245 _aRabindranath Tagore (Hindi)
260 _aNew Delhi
_bStep by Step Publication
_c2011
999 _c2422
_d2422